[Event "40th World Junior Girls"]
[Site "Gandhinagar IND"]
[Date "2024.06.13"]
[Round "11.34"]
[White "Advika Sarupria"]
[Black "Brito Carrascal, Isabela"]
[Result "1/2-1/2"]
[WhiteElo "1587"]
[BlackElo "1810"]
[WhiteFideId "25968858"]
[BlackFideId "4456122"]
[EventDate "2024.06.02"]

1. d4 Nf6 2. c4 e6 3. Nf3 Bb4+ 4. Bd2 Be7 5. Nc3 d5 6. e3 O-O 7. Bd3 c5 8. dxc5
dxc4 9. Bxc4 Bxc5 10. O-O Nbd7 11. Qe2 a6 12. a4 b6 13. Rfd1 Bb7 14. Rac1 Qe7
15. e4 Ng4 16. Be1 Nde5 17. Nxe5 Nxe5 18. Ba2 Rfd8 19. Kh1 Nc6 20. f3 Nd4 21.
Qf1 Qe8 1/2-1/2

[Event "40th World Junior Girls"]
[Site "Gandhinagar IND"]
[Date "2024.06.13"]
[Round "11.35"]
[White "Peglau, Charis"]
[Black "Fang, Kun"]
[Result "1-0"]
[WhiteTitle "WFM"]
[BlackTitle "WCM"]
[WhiteElo "2088"]
[BlackElo "1803"]
[WhiteFideId "16219996"]
[BlackFideId "5819660"]
[EventDate "2024.06.02"]

1. Nf3 d5 2. g3 g6 3. Bg2 Bg7 4. d4 Nf6 5. O-O O-O 6. c4 c6 7. cxd5 cxd5 8. Nc3
Nc6 9. Ne5 e6 10. Nxc6 bxc6 11. Na4 Re8 12. Bf4 Nh5 13. Be3 e5 14. dxe5 Bxe5 15.
Rc1 Bd7 16. b3 Ng7 17. Qd2 Nf5 18. Bc5 Bg7 19. Rfd1 Bh6 20. e3 Qf6 21. Qc3 Qxc3
22. Rxc3 Bg7 23. Rc2 Be6 24. Ba3 Rac8 25. Rdc1 d4 26. e4 Bh6 27. Rd1 Ne7 28.
Rxd4 Bf8 29. Nc5 Bg4 30. f3 Be6 31. Nxe6 fxe6 32. Bh3 Nf5 33. exf5 Bxa3 34. fxe6
Rc7 35. Rcc4 Rec8 36. Kf2 Be7 37. Ke3 Kg7 38. Ke4 Kf6 39. Rd2 Rd8 40. Rd7 Rdxd7
41. exd7 Bd8 42. Kd3 g5 43. Re4 Be7 44. Bg4 Kf7 45. f4 h6 46. fxg5 hxg5 47. h4
gxh4 48. gxh4 Rb7 49. Rf4+ Kg7 50. Re4 Rb8 1-0

[Event "40th World Junior Girls"]
[Site "Gandhinagar IND"]
[Date "2024.06.13"]
[Round "11.37"]
[White "Gade Sharanya"]
[Black "Deepak, Laksshana"]
[Result "0-1"]
[BlackTitle "WCM"]
[WhiteElo "1849"]
[BlackElo "1727"]
[WhiteFideId "25925253"]
[BlackFideId "25980548"]
[EventDate "2024.06.02"]

1. d4 Nf6 2. c4 e6 3. Nc3 Bb4 4. Qc2 O-O 5. e4 d5 6. e5 Ne4 7. Bd3 c5 8. Nf3
cxd4 9. Nxd4 Nd7 10. Bf4 Ndc5 11. O-O Bxc3 12. bxc3 Bd7 13. Rfd1 Nxd3 14. Rxd3
dxc4 15. Rh3 f5 16. Rd1 Qe8 17. Qe2 b5 18. Qe1 Qe7 19. f3 Nc5 20. Qg3 Be8 21.
Bg5 Qd7 22. Qh4 Bg6 23. Be7 Rac8 24. Bxc5 Rxc5 25. f4 b4 26. Qe1 Rd5 27. Kf2 Rd8
28. Ke3 Qa4 29. cxb4 Rxd4 30. Rxd4 Qa3+ 31. Ke2 Qb2+ 32. Rd2 Bh5+ 33. Rxh5 Rxd2+
34. Qxd2 c3 35. Qxb2 cxb2 36. Rh3 b1=Q 37. Rd3 Qxa2+ 38. Kf3 0-1

[Event "40th World Junior Girls"]
[Site "Gandhinagar IND"]
[Date "2024.06.13"]
[Round "11.38"]
[White "Arya G Mallar"]
[Black "Shivamshika G"]
[Result "1-0"]
[WhiteElo "1725"]
[BlackElo "1846"]
[WhiteFideId "25115324"]
[BlackFideId "33384959"]
[EventDate "2024.06.02"]

1. d4 d5 2. Nf3 Nf6 3. Bf4 c5 4. e3 Nc6 5. Nbd2 e6 6. c3 Qb6 7. Rb1 cxd4 8. exd4
Be7 9. Bd3 O-O 10. O-O Bd7 11. Re1 Nh5 12. Be3 Be8 13. Ne5 f5 14. Ndf3 Nf6 15.
Bf4 Ne4 16. Nxc6 bxc6 17. Ne5 c5 18. Bc2 cxd4 19. cxd4 Bb4 20. Re3 g5 21. Bxg5
f4 22. Rxe4 dxe4 23. Bxe4 Rc8 24. Bh6 Kh8 25. Bxf8 Bxf8 26. h3 Rd8 27. Qg4 Rxd4
28. Qxf4 Qd6 29. Qh4 h5 30. Ng6+ Kg8 31. Nxf8 Qe5 32. Nh7 Bg6 33. Qe7 1-0

[Event "40th World Junior Girls"]
[Site "Gandhinagar IND"]
[Date "2024.06.13"]
[Round "11.39"]
[White "Pranavasri S"]
[Black "Sindhusree K"]
[Result "0-1"]
[WhiteElo "1610"]
[BlackElo "1846"]
[WhiteFideId "33406758"]
[BlackFideId "46616411"]
[EventDate "2024.06.02"]

1. e4 c5 2. c3 Nf6 3. e5 Nd5 4. Nf3 e6 5. d4 cxd4 6. cxd4 d6 7. Bc4 Be7 8. O-O
O-O 9. Nc3 Nxc3 10. bxc3 Qc7 11. exd6 Bxd6 12. Qe2 Nd7 13. Bd2 b6 14. Bd3 Bb7
15. h3 Bf4 16. Rfd1 Bxd2 17. Qxd2 Bxf3 18. gxf3 Nf6 19. Re1 Rfd8 20. Re5 h6 21.
Kh1 Kh8 22. Rg1 Rac8 23. Rc1 Rxd4 24. Qe3 Rxd3 25. Qxd3 Qxe5 26. c4 Qf5 27. Qe3
Qxh3+ 28. Kg1 Rc5 29. f4 Qxe3 30. fxe3 0-1

[Event "40th World Junior Girls"]
[Site "Gandhinagar IND"]
[Date "2024.06.13"]
[Round "11.40"]
[White "Koksa, Jelena"]
[Black "Varshita Jain"]
[Result "1-0"]
[WhiteElo "1842"]
[BlackElo "1676"]
[WhiteFideId "14544776"]
[BlackFideId "25681907"]
[EventDate "2024.06.02"]

1. e4 e5 2. Nf3 Nf6 3. Nxe5 d6 4. Nf3 Nxe4 5. Nc3 Nxc3 6. dxc3 Be7 7. Be3 Nd7 8.
Bd3 Nf6 9. Qd2 d5 10. O-O-O O-O 11. Nd4 g6 12. c4 c5 13. Nf3 Be6 14. cxd5 Qxd5
15. Qa5 c4 16. Qxd5 Nxd5 17. Be2 c3 18. Bd4 Rfc8 19. a3 Nf4 20. Bf1 Bf5 21. Bxc3
Bxa3 22. Kb1 Bc5 23. Ne5 Bxf2 24. Bc4 Ne6 25. Rhf1 Bh4 26. g4 Bxg4 27. Nxg4 Rxc4
28. Nh6+ Kf8 29. Rxf7+ Ke8 30. Rxh7 Rc7 31. Rh8+ Nf8 32. Bb4 Be7 33. Re1 Rd8 34.
Bxe7 Rxe7 35. Rf1 Kd7 36. Rd1+ 1-0

[Event "40th World Junior Girls"]
[Site "Gandhinagar IND"]
[Date "2024.06.13"]
[Round "11.41"]
[White "Asmita Avijit Ray"]
[Black "Divyabharathi, Masanam"]
[Result "1/2-1/2"]
[WhiteElo "1692"]
[BlackElo "1821"]
[WhiteFideId "25786911"]
[BlackFideId "45018421"]
[EventDate "2024.06.02"]

1. d4 d5 2. Nf3 Nf6 3. g3 e6 4. Bg2 Be7 5. c4 O-O 6. O-O dxc4 7. Qc2 a6 8. a4
Bd7 9. Rd1 Bc6 10. Nc3 Bxf3 11. Bxf3 Nc6 12. Bxc6 bxc6 13. a5 Rb8 14. Ra4 Rb4
15. Na2 Rxa4 16. Qxa4 Qb8 17. Qxc4 Qb5 18. Qxb5 cxb5 19. Be3 Rc8 20. Rc1 c6 21.
Bd2 Ne4 22. Bb4 Nd6 23. Bc5 Kf8 24. Nb4 Nc4 25. Nxa6 Nxa5 26. Rc3 Nb7 27. f3 Ke8
28. Kf2 Nd6 29. e4 1/2-1/2

[Event "40th World Junior Girls"]
[Site "Gandhinagar IND"]
[Date "2024.06.13"]
[Round "11.42"]
[White "Durga Karthika Lellapalli"]
[Black "Benito De Leo, Estefania"]
[Result "0-1"]
[WhiteElo "1631"]
[BlackElo "1900"]
[WhiteFideId "25130889"]
[BlackFideId "5135311"]
[EventDate "2024.06.02"]

1. e4 e5 2. d4 exd4 3. Qxd4 Nc6 4. Qe3 Nf6 5. Bd2 Bb4 6. c3 Ba5 7. Qg3 Nxe4 8.
Qxg7 Qf6 9. Qxf6 Nxf6 10. b4 Bb6 11. a4 h5 12. b5 Ne5 13. f3 O-O 14. Na3 d5 15.
O-O-O Be6 16. Bf4 Ng6 17. Bg5 Nd7 18. Bd3 Nge5 19. f4 Be3+ 20. Kb2 Ng4 21. Nh3
Nc5 22. Bc2 f6 23. Bh4 Rfd8 24. Bg3 d4 25. f5 Bf7 26. Bxc7 Rd7 0-1

[Event "40th World Junior Girls"]
[Site "Gandhinagar IND"]
[Date "2024.06.13"]
[Round "11.43"]
[White "Hasini, Kamabathula"]
[Black "Prakash Vaishnavi"]
[Result "1/2-1/2"]
[WhiteElo "1758"]
[BlackElo "1632"]
[WhiteFideId "25712837"]
[BlackFideId "46660445"]
[EventDate "2024.06.02"]

1. e4 e5 2. Nf3 Nc6 3. Bc4 Bc5 4. c3 Nf6 5. d4 exd4 6. e5 d5 7. Bb5 Ne4 8. cxd4
Bb6 9. Nc3 O-O 10. Be3 Nxc3 11. bxc3 f6 12. exf6 Qxf6 13. O-O Bg4 14. Be2 Rae8
15. Nd2 Bxe2 16. Qxe2 Ne7 17. Nf3 Ng6 18. Qd2 Qd6 19. Rae1 c6 20. Ne5 Nxe5 21.
dxe5 Bxe3 22. Qxe3 Qd7 23. f4 b5 24. e6 Qc7 25. f5 Qb6 26. Rf2 Qxe3 27. Rxe3 a5
28. g4 b4 29. g5 h6 30. f6 Kh7 31. e7 Rf7 32. g6+ Kxg6 33. Rg3+ Kh7 34. Rxg7+
Rxg7+ 35. fxg7 Kxg7 36. cxb4 axb4 37. Rc2 Rxe7 38. Rxc6 Ra7 39. Rb6 Rxa2 40.
Rxb4 Rd2 41. Rb7+ Kg6 42. Rd7 Kg5 43. Kf1 h5 44. Ke1 Rd4 45. Ke2 Kh4 46. Ke3 Rd1
47. Ke2 Rh1 48. Rxd5 Rxh2+ 49. Kf1 Ra2 50. Rd4+ Kg3 51. Rd3+ Kf4 52. Rd4+ Kg3 1/2-1/2

[Event "40th World Junior Girls"]
[Site "Gandhinagar IND"]
[Date "2024.06.13"]
[Round "11.44"]
[White "Prasiddhi Bhat"]
[Black "Radhika Sharma"]
[Result "1-0"]
[WhiteElo "1715"]
[BlackElo "1651"]
[WhiteFideId "25602217"]
[BlackFideId "33398666"]
[EventDate "2024.06.02"]

1. d4 Nf6 2. e3 e6 3. Nf3 d5 4. Bd3 Be7 5. O-O O-O 6. b3 b6 7. Bb2 Bb7 8. Nbd2
c5 9. Ne5 Nc6 10. a3 Qc7 11. f4 Rac8 12. Rc1 Na5 13. c4 Ne4 14. b4 Nxd2 15. Qxd2
Nxc4 16. Nxc4 dxc4 17. Bxc4 Qd6 18. Bc3 Rfd8 19. Qb2 cxb4 20. Bxb4 Qd7 21. Qe2
a5 22. Bb5 Bc6 23. Bxc6 Rxc6 24. Rxc6 axb4 25. Rxb6 bxa3 26. Qa6 Qd5 27. Qb7 Bf8
28. Qxd5 Rxd5 29. Ra6 Rb5 30. Rc1 g6 31. Rc8 Kg7 32. Rc7 Bd6 33. Rd7 Bb4 34.
Raa7 g5 35. Rxf7+ Kg6 36. Rg7+ Kh5 37. Rxg5+ Rxg5 38. fxg5 Kxg5 39. Rxh7 Kf5 40.
Kf2 Ke4 1-0

[Event "40th World Junior Girls"]
[Site "Gandhinagar IND"]
[Date "2024.06.13"]
[Round "11.45"]
[White "Disha U A"]
[Black "Natura, Bethi"]
[Result "0-1"]
[WhiteElo "1660"]
[BlackElo "1697"]
[WhiteFideId "25915622"]
[BlackFideId "25048864"]
[EventDate "2024.06.02"]

1. d4 Nf6 2. Nc3 d5 3. Bf4 e6 4. Nb5 Na6 5. e3 Be7 6. Be2 O-O 7. Nf3 c6 8. Nc3
c5 9. O-O Bd7 10. Ne5 Nb4 11. a3 Nc6 12. Nxd7 Qxd7 13. Qd2 Rfd8 14. Rfd1 Rac8
15. Bf3 b6 16. Ne2 h6 17. h3 Bd6 18. c3 Na5 19. Bxd6 Nc4 20. Qc1 Nxd6 21. Ng3 a5
22. Qc2 cxd4 23. exd4 b5 24. Qe2 b4 25. axb4 axb4 26. Rac1 bxc3 27. Rxc3 Rxc3
28. bxc3 Nb5 29. Rc1 Rc8 30. Qe3 Qa7 31. Be2 Nxc3 32. Kh2 Qa5 33. Qd2 Rc6 34.
Bd3 Qc7 35. Qc2 g6 36. Kh1 Qf4 37. Ra1 Rc7 38. Bxg6 Nce4 39. Bxf7+ Kxf7 40. Qb2
Nxf2+ 41. Kg1 N2e4 42. Qb3 Rc3 43. Qb7+ Kg6 0-1

[Event "40th World Junior Girls"]
[Site "Gandhinagar IND"]
[Date "2024.06.13"]
[Round "11.46"]
[White "Modipalli Deekshitha"]
[Black "Asudani Ruhani Raj"]
[Result "1-0"]
[WhiteElo "1678"]
[BlackElo "1645"]
[WhiteFideId "33389454"]
[BlackFideId "25697463"]
[EventDate "2024.06.02"]

1. d4 d5 2. c4 e6 3. Nc3 Nf6 4. cxd5 exd5 5. Bg5 Bb4 6. e3 h6 7. Bh4 g5 8. Bg3
Ne4 9. a3 Nxc3 10. Qb3 Ne4+ 11. Qxb4 Nc6 12. Bb5 Bd7 13. Qb3 a6 14. Bd3 Bc8 15.
Bxe4 dxe4 16. d5 Ne7 17. Rd1 c6 18. Qc3 Rg8 19. dxc6 Qb6 20. c7 Be6 21. Rd6 Nc6
22. Ne2 Rc8 23. Rd2 Ne7 24. Qe5 Qc6 25. O-O h5 26. Rfd1 Bd7 27. Rd6 Qxc7 28.
Qxe4 Bc6 29. Qh7 h4 30. Rf6 Bd5 31. Bxc7 Rxc7 32. Rxd5 Rf8 33. Rd1 Rc8 1-0

[Event "40th World Junior Girls"]
[Site "Gandhinagar IND"]
[Date "2024.06.13"]
[Round "11.47"]
[White "Aashi Upadhyay"]
[Black "Cumacenko, Saule"]
[Result "1-0"]
[WhiteElo "1653"]
[BlackElo "1595"]
[WhiteFideId "25620789"]
[BlackFideId "12835560"]
[EventDate "2024.06.02"]

1. e4 e5 2. Nf3 Nc6 3. Nc3 Bb4 4. d3 Nf6 5. Be2 O-O 6. O-O d5 7. exd5 Nxd5 8.
Nxd5 Qxd5 9. a3 Bd6 10. c4 Qe6 11. Ng5 Qe7 12. b4 f6 13. Ne4 Qf7 14. Bh5 g6 15.
Bf3 Rd8 16. Be3 Be7 17. Nc3 Nd4 18. Bd5 Be6 19. Bxb7 Rab8 20. Bd5 c6 21. Bxd4
cxd5 22. Bxa7 Rb7 23. cxd5 Bxd5 24. Nxd5 Rxd5 25. Be3 Rbd7 26. Qb3 Rxd3 27.
Qxf7+ Kxf7 28. Rab1 f5 29. g3 g5 30. a4 f4 31. Bb6 Rb7 32. a5 Bd8 33. Bxd8 Rxd8
34. b5 Ra8 35. b6 Ra6 36. Rb5 Kf6 37. Rc1 Ra8 38. Rbc5 Ke6 39. Re1 f3 40. Rexe5+
Kd6 41. Red5+ Ke6 42. h3 Rd7 43. Rxd7 Kxd7 44. b7 Re8 45. Kf1 Rd8 46. Rd5+ 1-0

[Event "40th World Junior Girls"]
[Site "Gandhinagar IND"]
[Date "2024.06.13"]
[Round "11.48"]
[White "Mishra Riya"]
[Black "Falak Joni Naik"]
[Result "0-1"]
[WhiteElo "1654"]
[BlackElo "1653"]
[WhiteFideId "35024868"]
[BlackFideId "45069310"]
[EventDate "2024.06.02"]

1. e4 d5 2. exd5 Nf6 3. Nf3 Nxd5 4. Bc4 Bg4 5. h3 Bh5 6. d3 Nc6 7. g4 Bg6 8. Be3
e5 9. Nbd2 Be7 10. Bb5 Nxe3 11. fxe3 Qd5 12. Bc4 Bh4+ 13. Ke2 Qd8 14. Qg1 h6 15.
Rf1 Be7 16. h4 h5 17. g5 Qd6 18. Bb5 O-O-O 19. Nc4 Qd5 20. Bxc6 Bxd3+ 21. cxd3
Qxd3+ 22. Kf2 Qxc4 23. Rc1 Qb4 24. Bxb7+ Qxb7 25. Rc2 f6 26. gxf6 Bxf6 27. Qg6
Rhf8 28. Kg3 Bxh4+ 29. Rxh4 Rxf3+ 30. Kh2 Rf1 31. Re4 Kb8 32. a3 a5 33. Rg2 Rdd1
34. Qe8+ Ka7 35. Qa4 Rh1+ 36. Kg3 h4+ 37. Kg4 Rd4 38. Qxa5+ Kb8 0-1

[Event "40th World Junior Girls"]
[Site "Gandhinagar IND"]
[Date "2024.06.13"]
[Round "11.49"]
[White "Banker Reya"]
[Black "ANDHIN, tehjha Nidhi"]
[Result "1-0"]
[WhiteElo "1421"]
[BlackElo "1361"]
[WhiteFideId "25146491"]
[BlackFideId "9700510"]
[EventDate "2024.06.02"]

1. d4 Nf6 2. c4 e6 3. Nc3 d5 4. cxd5 exd5 5. Bg5 c6 6. e3 Bb4 7. Bd3 h6 8. Bxf6
Qxf6 9. Ne2 Bf5 10. O-O Bxd3 11. Qxd3 Nd7 12. f3 O-O 13. e4 Qg6 14. a3 Bd6 15.
Rad1 dxe4 16. fxe4 c5 17. Kh1 b6 18. dxc5 Bxc5 19. Qxd7 Rfd8 20. Qh3 Rxd1 21.
Rxd1 a5 22. Nf4 Qf6 23. Qf3 Rd8 24. Rxd8+ Qxd8 25. Nfd5 Qg5 26. Qf4 Qh5 27. b4
Bd4 28. Ne7+ Kh8 29. Qb8+ Kh7 30. Qg8# 1-0